|
|
|
|
| LEADER |
00000nam a2200000 a 4500 |
| 001 |
vtls001563178 |
| 003 |
SK-MaSNL |
| 005 |
20260301074508.0 |
| 008 |
240313s2004 ru g 000 0 rus |
| 020 |
|
|
|a 592650127X
|q (viaz.)
|
| 040 |
|
|
|a SNK
|b slo
|c SNK
|e AACR2
|
| 041 |
0 |
|
|a rus
|
| 043 |
|
|
|a e-ur-ru
|
| 044 |
|
|
|a ru
|c RU
|
| 072 |
|
7 |
|a 94(47)
|x Dejiny krajín východnej Európy
|2 konspekt
|
| 080 |
|
|
|a 94(470+571)
|2 MDT-MRF
|
| 080 |
|
|
|a (048.8)
|2 MDT-MRF
|
| 100 |
1 |
|
|a Sirotkin, Vladlen Georgijevič
|4 aut
|9 397187
|
| 245 |
1 |
0 |
|a Počemu Trockij proigral Stalinu?
|c Vladlen Sirotkin
|
| 260 |
|
|
|a Moskva
|b Algoritm
|c 2004
|
| 300 |
|
|
|a 381 s.
|c 21 cm
|
| 490 |
0 |
|
|a Imperskoje myšlenije
|
| 650 |
0 |
7 |
|a Rusko
|2 SNKPH
|9 162943
|
| 655 |
|
7 |
|a monografie
|2 SNKPH
|9 70139
|
| 830 |
|
0 |
|a Imperskoje myšlenije
|9 397188
|
| 919 |
|
|
|a 5-9265-0127-X
|
| 999 |
|
|
|c 647331
|d 649261
|
| 952 |
|
|
|a SNK
|b SNK
|y VYP
|7 0
|p 17A0468370
|o snkIC 132216
|i snk2005/7736
|8 2
|g 7.63
|0 0
|1 0
|4 0
|d 2005-05-02
|l 0
|r 2026-02-23 18:11:52
|w 2026-02-23
|